DAHRENDORF y su concepto de las clases sociales
Contenido: La clase como concepto analítico, el estracto como concepto descriptivo. Estratificación social y clases sociales. Las teorías subjetivistas y objetivistas sobre las clases sociales. La clase social: ¿construcción teórica o fenómeno real? La definición de Dahrendorf: la búsqueda de una re...
Guardat en:
| Format: | Llibre |
|---|---|
| Idioma: | Spanish |
| Matèries: | |
| Etiquetes: |
Afegir etiqueta
Sense etiquetes, Sigues el primer a etiquetar aquest registre!
|
MARC
| LEADER | 00000nam a2200000 4500 | ||
|---|---|---|---|
| 003 | cru CIDCACS/IIS | ||
| 005 | 20221026111624.0 | ||
| 008 | 170419b2000 cr ||||| |||| 00| 0 spa d | ||
| 040 | |c cru CIDCACS/IIS | ||
| 245 | |a DAHRENDORF y su concepto de las clases sociales |c Eugenio Fonseca Tortós | ||
| 300 | |a páginas 49-88 | ||
| 520 | |a Contenido: La clase como concepto analítico, el estracto como concepto descriptivo. Estratificación social y clases sociales. Las teorías subjetivistas y objetivistas sobre las clases sociales. La clase social: ¿construcción teórica o fenómeno real? La definición de Dahrendorf: la búsqueda de una relación social más general y más significativa | ||
| 650 | 1 | 0 | |2 RALPH DAHRENDORF |9 24 |a CLASES SOCIALES |
| 650 | 1 | 0 | |9 2081 |a SOCIOLOGIA |
| 650 | 1 | 0 | |9 25 |a ESTRATIFICACION SOCIAL |
| 650 | 1 | 0 | |9 4188 |a RALPH DAHRENDORF |
| 773 | 0 | |0 14856 |9 519 |a Rovira Mas, Jorge |d San José: EUNED. EUCR |o 17942 |t Eugenio Fonseca Tortós: selección de su obra sociológica / |w (cru CIDCACS/IIS)19474 | |
| 773 | 0 | |0 14856 |9 519 |a Rovira Mas, Jorge |d San José: EUNED. EUCR |o 17942 |t Eugenio Fonseca Tortós: selección de su obra sociológica / |w (cru CIDCACS/IIS)19474 | |
| 942 | |2 ddc |c LI | ||
| 999 | |c 19193 |d 19193 | ||
